Statistics for India or Brazil or Germany or Egypt

Click here to take the quiz!

General Stats

  • This quiz has been taken 47 times
  • The average score is 10 of 15

Answer Stats

QuestionAnswer% Correct
One of these is flag of India, Which one?
100%
New Delhi is it capitalIndia
100%
Which of these countries speak portigueseBrazil
97%
It has hugest population out of theseIndia
92%
One of those photos is from Germany. Which one?
87%
It has invented hamburgerGermany
87%
This country has second most pyramidsEgypt
84%
Largest of theseBrazil
74%
Its currency is poundEgypt
63%
Which of these countries uses Real as currency?Brazil
61%
Which of these countries has invented ZeroIndia
47%
It has hugest border whit FranceBrazil
37%
Tootphaste is from this countryEgypt
34%
Which one of these has gone to war whit Portugal?India
16%
Which one of these countries speak english as offical language?Brazil
0%

Score Distribution

Percentile by Number Answered

Percent of People with Each Score

Your Score History

You have not taken this quiz